=LDR 00000nam 2200000 4500 =001 INLIS000000000043883 =005 20131008103931 =008 ***********************************ind** =035 ##$$0010-101300000001805 =041 ##$$a ind =082 ##$$a 177.6 =090 ##$$a 177.6, Sia g =100 ##$$a Siahaan, Jeuner Clay =245 ##$$a Gaul Jakarta, Jeuner Clay Siahaan =260 ##$$a 2004 $b Jakarta =300 ##$$a xx, 278 hlm, ilus, 18 cm =650 ##$$a Etika pergaulan =850 ##$$a NBPNMAT